Steamed Food - Sudden Death - Statistics

General Stats
  • This quiz has been taken 97 times
  • The average score is 6 of 16
Answers on the Grid
Answers color-coded by a green-red scale on the quiz's grid according to % correct below.
Lotus seed bun
Montreal-style smoked meat
Mochi
Montreal-style hot dog / Steamie
Tangbao
Mouclade
Corunda
Couscous
Gyeran-jjim
Nasi tim
Pork dumplings / Shumai
Onigiri
Rainbow rice cake / Mujigae-tteok
Buddha Jumps Over the Wall
Tagine
Acheke
Atchara
Black pepper crab
Kottenbutter
Kabayaki
Poutine
Mett
Crêpes bretonnes
Bruschetta
Galbi-gui
Doner kebab
Onion rings
Fattoush
 
Answer Stats
Answer % Correct
Pork dumplings / Shumai
67%
Montreal-style hot dog / Steamie
63%
Lotus seed bun
59%
Mochi
59%
Couscous
53%
Rainbow rice cake / Mujigae-tteok
47%
Onigiri
45%
Tangbao
44%
Buddha Jumps Over the Wall
33%
Tagine
33%
Nasi tim
31%
Montreal-style smoked meat
28%
Gyeran-jjim
22%
Acheke
9%
Mouclade
8%
Corunda
3%
No matching quizzes found
Score Distribution
Percent of People with Each Score
Percentile by Number Answered
Your Score History
You have not taken this quiz